000 00852cab a2200205 4500
001 L136429
008 070131n2006 000 0 eng u
035 _a(Sirsi) u136429
041 0 _aeng
100 1 _aDonatantonio, Domenic
245 0 0 _aClimate change challenge
260 _c2006
490 0 _aConstruction News
_v(6992) 9 November 2006, 12-13(2)
520 _aDiscusses the Government's plans to reduce carbon emissions, and how this affects the construction industry. Discusses how carbon emissions can be reduced both through using environmentally friendly materials, and through making alterations on existing building stock.
590 _aKA
650 2 4 _aDTI LOW CARBON BUILDINGS PROGRAMME
651 4 _aEngland and Wales
_y1543-
690 _aENVIRONMENTAL AND LAND CONSULTANCY-SUSTAINABILITY-SUSTAINABLE DEVELOPMENT
942 _n0
999 _c78285
_d78285